Statistics for how well do you know lebron james

Click here to take the quiz!

General Stats

  • This quiz has been taken 137 times
  • The average score is 7 of 10

Answer Stats

HintAnswer% Correct
what number was he drafted?1
98%
how tall is lebron james?6'8"
97%
how many rings does he have?3
94%
how many mvp's does lebron have4
93%
when was he drafted?2003
90%
how many seasons has he played?9
65%
what is the most he has ever scored?56
63%
what is his middle name?raymone
43%
who does he have a rival with?curry
37%
what high school did lebron go to?St mary
31%

Score Distribution

Percentile by Number Answered

Percent of People with Each Score

Your Score History

You have not taken this quiz